Red Logos Close-Up Quiz Stats

 Plays Quiz Updated Feb 14, 2018

Score 0/20 Timer 06:00
5 Plays Today
Hint Answer % Correct
Coca-Cola
99.5%
KFC
99.4%
Cable News Network
98.7%
LEGO
98.2%
McDonald's
98%
Levi's
96.9%
ESPN
93.5%
Target
93.2%
Kellogg's
91.4%
YouTube
89.6%
Hint Answer % Correct
Heinz
87.7%
Netflix
85.1%
Boston Red Sox
83.4%
Dairy Queen
80.5%
Frito-Lay
80.4%
Chick-Fil-A
77.4%
Beats Electronics
70.6%
Detroit Red Wings
60.8%
Carl's Jr.
60.3%
Xerox
40.6%

You're not logged in!

Compare scores with friends on all Sporcle quizzes.
OR
Log In

You Might Also Like...

Show Comments

Extras

Top Quizzes Today


Score Distribution

Your Account Isn't Verified!

In order to create a playlist on Sporcle, you need to verify the email address you used during registration. Go to your Sporcle Settings to finish the process.

Report this User

Report this user for behavior that violates our Community Guidelines.

Details: